|
|
แสดงรายละเอียดบรรณานุกรม |
|
|
Brief Record
: Get Marc (ISO 2709)
: E-mail record
: |
|
|
| LEADER 00000nama 2200000uu 4500 | |||
| 008 040531s|||| th m m a000 0 tha d | |||
| 020 978-0335-22293-3 | |||
| 041 eng | |||
| 050 WY 160 A784 2009. | |||
| 245 The Art and Science of Mental Health Nursing : A Textbook of Principles and Practice/ [edited by] Lan Norman and Lain Ryrie. | |||
| 246 0 ^aโครงการผลิตพยาบาลชุมชนฯ ครั้งที่1/2553. | |||
| 250 ^a8 | |||
| 260 New York. Mc Graw Hill medical. 2009. | |||
| 300 ^a785 p. | |||
| 500 ^aโครงการผลิตพยาบาลชุมชนฯ ครั้งที่1/2553. | |||
| 600 1.Norman, Lan. 2.Ryrie, Lain. | |||
| 650 1.Psychiatric nursing. | |||
| 995 001 | |||
| 999 ^aใช้งานได้ทุกระบบ | |||
| คุณยังไม่ได้ล็อกอิน คุณสามารถมีกิจกรรมร่วมกับเว็บไซต์ได้ แต่ต้องล็อกอินก่อน :: |
|
| สถานะ | |||||||||
| 1. | หนังสือทั่วไป | WY 160 A784 2009. | On Shelf ขอยืม | ||||||
| [แสดง 1/1 รายการ] | |||||||||
BibComment |
| คอมเมนท์ทรัพยากรรายการนี้ |
|
|